00614nam a2200169Ia 4500008004000000020001800040082001700058100002200075245006100097260005200158300001000210650003200220690003000252906001100282999001700293952013400310210210b1994 xxu||||| |||| 00| 0 eng d a81 207 1342 7 a820.309 ASTB aASTON (Nathan M). aBhabani bhattacharya a stylistic analysis of his novels. aNew Delhi.bSterling Publishers Pvt Ltd.,c1994 ax,156 aStylistic Analysis Novels  aIndian English Literature a050935 c99136d99136 001040708EnglishaALbALcEnglish Literatured2021-02-17g200.00l0o820.309 ASTBp050935r2021-02-17 00:00:00w2021-02-17yBK